Statistics for 11 стран, граничащих с наибольшим количеством государств

Click here to take the quiz!

General Stats

  • This quiz has been taken 4 032 times
  • The average score is 5 of 11

Answer Stats

Количество границСтрана% Correct
14Россия
99%
16Китай
94%
9Германия
78%
8Франция
69%
10Бразилия
68%
8Сербия
34%
9Демократическая Республика Конго
32%
8Австрия
30%
8Турция
29%
8Замбия
6%
8Танзания
5%

Score Distribution

Percentile by Number Answered

Percent of People with Each Score

Your Score History

You have not taken this quiz